[Event "SVK-ch U14"]
[Site "Tatralandia"]
[Date "2024.04.12"]
[Round "9"]
[White "Kralovensky, Jan"]
[Black "Kostov, Rubin"]
[Result "1/2-1/2"]
[WhiteElo "1748"]
[BlackElo "1000"]
[PlyCount "39"]
[EventDate "2024.04.05"]
[EventType "swiss"]
[EventRounds "9"]
[EventCountry "SVK"]
[SourceTitle "CB16_2024"]
[SourceDate "2024.04.17"]
[SourceVersion "1"]
[SourceVersionDate "2024.04.17"]
[SourceQuality "1"]

1. e4 g6 2. d4 d6 3. Nf3 Nf6 4. Nc3 Bg7 5. Bc4 0-0 6. h3 Nbd7 7. 0-0 e5 8. d5 Nc5 9. Re1 Ne8 10. Bg5 f6 11. Be3 f5 12. Bg5 Nf6 13. Qc1 fxe4 14. Nxe4 Ncxe4 15. Rxe4 h6 16. Bxf6 Qxf6 17. Qd2 Bf5 18. Re3 e4 19. Nh2 Qxb2 20. Ree1 1/2-1/2

[Event "SVK-ch U14"]
[Site "Tatralandia"]
[Date "2024.04.05"]
[Round "1"]
[White "Kriscak, Simon"]
[Black "Kralovensky, Jan"]
[Result "0-1"]
[WhiteElo "1107"]
[BlackElo "1748"]
[PlyCount "122"]
[EventDate "2024.04.05"]
[EventType "swiss"]
[EventRounds "9"]
[EventCountry "SVK"]
[SourceTitle "CB16_2024"]
[SourceDate "2024.04.17"]
[SourceVersion "1"]
[SourceVersionDate "2024.04.17"]
[SourceQuality "1"]

1. e4 e5 2. Nf3 Nc6 3. Nc3 Bc5 4. Bc4 d6 5. 0-0 Bg4 6. h3 Bh5 7. Be2 Nf6 8. d3 h6 9. a4 Nd4 10. Nd5 Nxe2+ 11. Qxe2 Nxd5 12. exd5 0-0 13. Bd2 a5 14. Be3 Bxe3 15. Qxe3 Qf6 16. Nh2 b6 17. c4 Qf4 18. Qxf4 exf4 19. b3 Be2 20. Rfe1 Bxd3 21. Rac1 Rfe8 22. Red1 Bf5 23. Rd4 Re4 24. Nf3 Rae8 25. Rcd1 Rxd4 26. Nxd4 Bg6 27. Rc1 Re4 28. Nb5 Re7 29. Nd4 f6 30. Nc6 Rd7 31. Nb8 Rd8 32. Nc6 Re8 33. Nd4 Re4 34. Nb5 Re2 35. Nd4 Rd2 36. Nf3 Rd3 37. Nh4 Bh7 38. Rb1 Rxh3 39. gxh3 Bxb1 40. Nf3 Bc2 41. Nd4 Be4 42. f3 Bg6 43. Kf2 Kf7 44. Ne2 Bc2 45. Nd4 Bh7 46. Ne2 g5 47. Nd4 h5 48. Ke2 Ke8 49. Kd2 Kd7 50. Kc3 Bg6 51. Ne6 Kc8 52. Nf8 Bf5 53. Nh7 Bxh7 54. b4 axb4+ 55. Kxb4 g4 56. hxg4 hxg4 57. fxg4 f3 58. Kb5 f2 59. Kc6 f1Q 60. c5 bxc5 61. a5 Qa6# 0-1